|
|
|
|
| LEADER |
03065nam a22004093i 4500 |
| 001 |
EBC6978200 |
| 003 |
MiAaPQ |
| 005 |
20231204023224.0 |
| 006 |
m o d | |
| 007 |
cr cnu|||||||| |
| 008 |
231204s2016 xx o ||||0 eng d |
| 020 |
|
|
|a 9781925495126
|q (electronic bk.)
|
| 020 |
|
|
|z 9781925495102
|
| 035 |
|
|
|a (MiAaPQ)EBC6978200
|
| 035 |
|
|
|a (Au-PeEL)EBL6978200
|
| 035 |
|
|
|a (OCoLC)1375295631
|
| 040 |
|
|
|a MiAaPQ
|b eng
|e rda
|e pn
|c MiAaPQ
|d MiAaPQ
|
| 082 |
0 |
|
|a 940.426
|
| 100 |
1 |
|
|a Frances, Raelene.
|
| 245 |
1 |
0 |
|a Beyond Gallipoli :
|b New Perspectives on Anzac.
|
| 250 |
|
|
|a 1st ed.
|
| 264 |
|
1 |
|a Melbourne :
|b Monash University Publishing,
|c 2016.
|
| 264 |
|
4 |
|c ©2016.
|
| 300 |
|
|
|a 1 online resource (294 pages)
|
| 336 |
|
|
|a text
|b txt
|2 rdacontent
|
| 337 |
|
|
|a computer
|b c
|2 rdamedia
|
| 338 |
|
|
|a online resource
|b cr
|2 rdacarrier
|
| 490 |
1 |
|
|a Australian History Series
|
| 505 |
0 |
|
|a Intro -- Title Page -- Copyright -- Contents -- Contributors -- Introduction: Beyond Gallipoli - New Perspectives on Anzac -- Part 1: Challenging Histories -- Chapter 1. The Myths of Gallipoli -- Chapter 2. Between Memory and History: Remembering Johnnies, Mehmets and the Armenians -- Part 2: Medias of Remembrance -- Chapter 3. What's the Story?: Journalism Ethics and the Anzac Centenary -- Chapter 4. Uncanny Valleys and Anzac Avatars: Scaling a Postdigital Gallipoli -- Chapter 5. Commentary: The New War Ecology -- Part 3: Literary Representations -- Chapter 6. Traitor/Traitor? -- Chapter 7. The 'Enemy' at Gallipoli: Perceptions of the Adversary in Turkish, Australian and New Zealand Literatures -- Part 4: Art, Museums and Artefacts -- Chapter 8. 'A fine ideal and an imperishable memory': George Lambert's Painting ANZAC, the Landing 1915 -- Chapter 9. 'Filling the Void': Artistic Interpretations of the Empty Battlefield -- Chapter 10. Lest We Forget: Presentation, Commemoration and Memorialisation of the Great War -- Chapter 11. Brothers in Arms: Gordon and Robin Harper and the Anatomy of Bravery -- Part 5: Grounding Memory - Encounters with Landscape -- Chapter 12. The Caribou Trail: Commemorating the Royal Newfoundland Regiment in the First World War -- Chapter 13. Archaeological Landscapes at Gallipoli: The Anzac Area at Arıburnu -- Part 6: Anzac's Early Days -- Chapter 14. Anzac Day's Early Rituals -- Chapter 15. The ABC of War: Early Children's Histories of Anzac -- Index.
|
| 588 |
|
|
|a Description based on publisher supplied metadata and other sources.
|
| 590 |
|
|
|a Electronic reproduction. Ann Arbor, Michigan : ProQuest Ebook Central, 2023. Available via World Wide Web. Access may be limited to ProQuest Ebook Central affiliated libraries.
|
| 655 |
|
4 |
|a Electronic books.
|
| 700 |
1 |
|
|a Scates, Bruce.
|
| 776 |
0 |
8 |
|i Print version:
|a Frances, Raelene
|t Beyond Gallipoli
|d Melbourne : Monash University Publishing,c2016
|z 9781925495102
|
| 797 |
2 |
|
|a ProQuest (Firm)
|
| 830 |
|
0 |
|a Australian History Series
|
| 856 |
4 |
0 |
|u https://ebookcentral.proquest.com/lib/matrademy/detail.action?docID=6978200
|z Click to View
|